Communication Electronics: Principles And Applications (Record no. 38926)

MARC details
000 -LEADER
fixed length control field 00525nam a2200193Ia 4500
008 - FIXED-LENGTH DATA ELEMENTS--GENERAL INFORMATION
fixed length control field 220531s9999 xx 000 0 und d
041 ## - LANGUAGE CODE
Language code of text/sound track or separate title eng
082 ## - DEWEY DECIMAL CLASSIFICATION NUMBER
Classification number 621.382
Item number FRE
100 ## - MAIN ENTRY--PERSONAL NAME
Personal name Frenzel, L. E.
9 (RLIN) 69389
245 ## - TITLE STATEMENT
Title Communication Electronics: Principles And Applications
250 ## - EDITION STATEMENT
Edition statement 3RD
260 ## - PUBLICATION, DISTRIBUTION, ETC. (IMPRINT)
Place of publication, distribution, etc. New Delhi
Name of publisher, distributor, etc. McGraw-Hill
Date of publication, distribution, etc. 2014
300 ## - PHYSICAL DESCRIPTION
Extent 532
542 ## - INFORMATION RELATING TO COPYRIGHT STATUS
Copyright holder 03-01-2015
551 ## -
-- Computer Science
-- Non-grant-CS
650 ## - SUBJECT ADDED ENTRY--TOPICAL TERM
Topical term or geographic name as entry element Electronics
9 (RLIN) 69390
906 ## - LOCAL DATA ELEMENT F, LDF (RLIN)
d 2014-2015
f 4207
Holdings
Withdrawn status Lost status Source of classification or shelving scheme Damaged status Not for loan Collection code Home library Current library Date acquired Vendor Cost, normal purchase price Total Checkouts Total Holds Full call number Barcode Date last seen Bill Date Koha item type Original Barcode
    Dewey Decimal Classification       Shri Siddhivinayak Mahila Mahavidyalaya Shri Siddhivinayak Mahila Mahavidyalaya 03/01/2015 Pritam 699.00   1 621.382/FRE/B/20394 SSMM-BK-20394 06/08/2022 06/08/2022 Books 010020394